| 000 | 00522nam a2200169 i 4500 | ||
|---|---|---|---|
| 001 | 76315 | ||
| 003 | ES-MaACL | ||
| 005 | 20230906172811.0 | ||
| 007 | t| | ||
| 008 | 040930q19301939fr ||||1| fre d | ||
| 100 | 1 |
_aGuerlin, Henri. _960472 |
|
| 245 | 1 | 2 |
_aL'art enseigné par les maitres / _cHenri Guerlin. |
| 260 |
_a[S.l. : _bs.n., _c193-?] ( _eEvreux : _fCh. Herissey) |
||
| 300 |
_a3 v. ; _c21 cm. |
||
| 505 | 8 | _aContiene: V.I: Le dessin. -- V.II: La couleur. -- V.III: La composition | |
| 852 |
_aES-MaACL _jF-1864-66 |
||
| 999 |
_c76315 _d76315 |
||